000 00345nam a2200133Ia 4500
005 20260328101439.0
008 260328s9999||||xx |||||||||||||| ||und||
100 _aZalamea, Alberto
245 0 _aFernando Martínez Sanabria /
_cAlberto Zalamea
260 _bMolinos Velasquez Editores
300 _a192 p.
650 _aARQUITECTOS
942 _cBK
999 _c8213
_d8213